| 000 | 00433nam a22001337a 4500 | ||
|---|---|---|---|
| 020 | _qHB. | ||
| 040 | _cFIZZA ISHAQ | ||
| 082 |
_a690 _bFRE |
||
| 100 |
_aUhlen Hop, Frederick. _9132599 |
||
| 245 |
_aResidential Remodeling and Renovation: Completing the Exterior and Interior of Your Home / _c Frederick Uhlen Hop. |
||
| 260 |
_aNew Jersey: _bPrentice Hall, _c1988. |
||
| 300 |
_a228 P. ; _c7.5 x 0.75 x 9.75 inches |
||
| 942 |
_2ddc _cBK |
||
| 999 |
_c615710 _d615710 |
||